UM Logo
Normal view MARC view
  • Mabazza, Malinda C.

Entry Personal Name

Number of records used in: 1

001 - CONTROL NUMBER

  • control field: 61099

003 - CONTROL NUMBER IDENTIFIER

  • control field: OSt

005 - DATE AND TIME OF LATEST TRANSACTION

  • control field: 20240916093329.0

008 - FIXED-LENGTH DATA ELEMENTS

  • fixed length control field: 240916|| aca||aabn | a|a d

040 ## - CATALOGING SOURCE

  • Original cataloging agency: OSt
  • Transcribing agency: OSt

100 ## - HEADING--PERSONAL NAME

  • Personal name: Mabazza, Malinda C.
  • Relator term: author.

670 ## - SOURCE DATA FOUND

  • Source citation: Work cat.: (OSt): Mabazza, Malinda C. author., SSCS caters to children with special needs (CSNS) /, February 2018.